000
00295nam a22001217a 4500
082
_a
030
_b
BRA/C
100
_a
BRANDWEIN,PAUL F
245
_a
CONCEPTS IN SCIENCE
260
_a
CALIFORNIA
_b
CALIFORNIA STATE DEPARTMENT OF EDUCATION
300
_a
154
650
_a
GENERAL KNOWLEDGE
_z
US
942
_c
BK
999
_c
2122
_d
2122